01375nam a2200313Ia 4500001001200000003000800012006001900020007001500039008004100054020001800095020001800113040002100131035002100152050002400173245017700197260006100374300003700435504005300472533015200525650005200677650005900729655002900788700001900817700002300836710004200859710001700901856012600918999001701044ebr10619553CaPaEBRm u cr cn|||||||||080816s2007 txua sbf 001 0 eng d z9781555631161 z9781555633332 aCaPaEBRcCaPaEBR a(OCoLC)82081684914aTN870b.P493 2007eb00aPetroleum engineering handbookh[electronic resource] .nVolume III,pFacilities and construction engineering /cKenneth E. Arnold, editor ; Larry W. Lake, editor-in-chief. aRichardson, TX :bSociety of Petroleum Engineers,c2007. aviii, 605 p. :bill. (some col.) aIncludes bibliographical references and indexes. aElectronic reproduction.bPalo Alto, Calif. :cebrary,d2011.nAvailable via World Wide Web.nAccess may be limited to ebrary affiliated libraries. 0aPetroleum engineeringvHandbooks, manuals, etc. 0aPetroleum industry and tradevHandbooks, manuals, etc. 7aElectronic books.2local1 aLake, Larry W.1 aArnold, Kenneth E.2 aSociety of Petroleum Engineers (U.S.)2 aebrary, Inc.40uhttp://site.ebrary.com/lib/rucke/Doc?id=10619553zAn electronic book accessible through the World Wide Web; click to view c53851d53851